Anointed to be God's servants : (Record no. 10584)
[ view plain ]
| 000 -LEADER | |
|---|---|
| fixed length control field | 01783cam a22003974a 4500 |
| 001 - CONTROL NUMBER | |
| control field | 57682411 |
| 003 - CONTROL NUMBER IDENTIFIER | |
| control field | OCoLC |
| 005 - DATE AND TIME OF LATEST TRANSACTION | |
| control field | 20210226161716.0 |
| 008 - FIXED-LENGTH DATA ELEMENTS--GENERAL INFORMATION | |
| fixed length control field | 050208s2005 tnub b 000 0 eng |
| 010 ## - LIBRARY OF CONGRESS CONTROL NUMBER | |
| LC control number | 2005003503 |
| 020 ## - INTERNATIONAL STANDARD BOOK NUMBER | |
| International Standard Book Number | 0785262059 |
| 020 ## - INTERNATIONAL STANDARD BOOK NUMBER | |
| International Standard Book Number | 9780785262053 |
| 020 ## - INTERNATIONAL STANDARD BOOK NUMBER | |
| International Standard Book Number | 9780785288077 |
| 020 ## - INTERNATIONAL STANDARD BOOK NUMBER | |
| International Standard Book Number | 0785288074 |
| 035 ## - SYSTEM CONTROL NUMBER | |
| System control number | (OCoLC)57682411 |
| Canceled/invalid control number | (OCoLC)144514621 |
| 040 ## - CATALOGING SOURCE | |
| Original cataloging agency | DLC |
| Language of cataloging | eng |
| Transcribing agency | DLC |
| Modifying agency | YDX |
| -- | BAKER |
| -- | BTCTA |
| -- | YDXCP |
| -- | OCLCG |
| -- | OCLCQ |
| -- | BDX |
| -- | OCLCA |
| -- | OCLCF |
| -- | OCLCA |
| -- | IG# |
| -- | OCLCO |
| -- | OCLCQ |
| -- | ATH |
| 042 ## - AUTHENTICATION CODE | |
| Authentication code | pcc |
| 050 00 - LIBRARY OF CONGRESS CALL NUMBER | |
| Classification number | BV4517.5 |
| Item number | B627A |
| 082 ## - DEWEY DECIMAL CLASSIFICATION NUMBER | |
| Item number | B627A |
| 100 1# - MAIN ENTRY--PERSONAL NAME | |
| Personal name | Blackaby, Henry T., |
| Dates associated with a name | 1935- |
| 245 10 - TITLE STATEMENT | |
| Title | Anointed to be God's servants : |
| Remainder of title | how God blesses those who serve together / |
| Statement of responsibility, etc. | Henry Blackaby and Thomas Blackaby. |
| 260 ## - PUBLICATION, DISTRIBUTION, ETC. | |
| Place of publication, distribution, etc. | Nashville, Tenn. : |
| Name of publisher, distributor, etc. | Thomas Nelson Publishers, |
| Date of publication, distribution, etc. | ©2005. |
| 300 ## - PHYSICAL DESCRIPTION | |
| Extent | xvi, 189 pages : |
| Other physical details | maps ; |
| Dimensions | 24 cm. |
| 336 ## - CONTENT TYPE | |
| Content type term | text |
| Content type code | txt |
| Source | rdacontent |
| 337 ## - MEDIA TYPE | |
| Media type term | unmediated |
| Media type code | n |
| Source | rdamedia |
| 338 ## - CARRIER TYPE | |
| Carrier type term | volume |
| Carrier type code | nc |
| Source | rdacarrier |
| 490 1# - SERIES STATEMENT | |
| Series statement | [Biblical legacy series] |
| 500 ## - GENERAL NOTE | |
| General note | Series statement on jacket. |
| 504 ## - BIBLIOGRAPHY, ETC. NOTE | |
| Bibliography, etc. note | Includes bibliographical references. |
| 505 0# - FORMATTED CONTENTS NOTE | |
| Formatted contents note | Paul's need for companions -- The rewards and cost of companionship -- Paul nurtured relationships -- Paul's major companions -- Paul's lesser-known companions -- Honoring the companions God sends you -- Being a companion to God's servants -- What we can learn from Paul and his companions -- Names of Paul's friends by book and chapter -- Paul's journeys -- List of companions by city of origin or first acquaintance with Paul. |
| 600 00 - SUBJECT ADDED ENTRY--PERSONAL NAME | |
| Personal name | Paul, |
| Titles and other words associated with a name | the Apostle, Saint |
| General subdivision | Friends and associates. |
| 650 #0 - SUBJECT ADDED ENTRY--TOPICAL TERM | |
| Topical term or geographic name entry element | Fellowship |
| General subdivision | Religious aspects |
| -- | Christianity. |
| 700 1# - ADDED ENTRY--PERSONAL NAME | |
| Personal name | Blackaby, Tom, |
| Dates associated with a name | 1962- |
| 830 #0 - SERIES ADDED ENTRY--UNIFORM TITLE | |
| Uniform title | Biblical legacy series. |
| 942 ## - ADDED ENTRY ELEMENTS (KOHA) | |
| Source of classification or shelving scheme | Dewey Decimal Classification |
| Koha item type | Books |
| Withdrawn status | Lost status | Source of classification or shelving scheme | Damaged status | Not for loan | Collection code | Home library | Current library | Shelving location | Date acquired | Total Checkouts | Full call number | Barcode | Date last seen | Date last checked out | Price effective from | Koha item type |
|---|---|---|---|---|---|---|---|---|---|---|---|---|---|---|---|---|
| Dewey Decimal Classification | Non-fiction | Harvest Mission College | Harvest Mission College | General Stacks | 04.03.2021 | 1 | 253.2 B627A | 012279 | 12.12.2024 | 03.12.2024 | 04.03.2021 | Books |
